ZEE des Amériques - Carte Quiz - Statistiques

Statistiques générales
  • Ce quiz a été pris 100 fois
  • Le résultat moyen est 29 sur 37
Réponses sur la Carte
Les réponses sont colorées sur une échelle allant du rouge au vert en fonction du pourcentage des utilisateurs qui les ont devinées à leur premier essai. Vous pouvez retrouver ces pourcentages ci-dessous.
 
Statistiques - réponses
Réponse % Correct
Etats-Unis
99%
Brésil
97%
Canada
97%
Argentine
96%
Chili
96%
Mexique
95%
Uruguay
94%
Pérou
91%
Colombie
90%
Équateur
88%
Venezuela
88%
Belize
86%
Danemark
86%
France
86%
Guyana
86%
Suriname
85%
Panama
83%
Bahamas
82%
Salvador
82%
Cuba
81%
Honduras
81%
Guatemala
78%
Royaume-Uni
78%
Costa Rica
77%
Haïti
77%
République dominicaine
74%
Nicaragua
72%
Jamaïque
69%
Pays-Bas
68%
Trinité-et-Tobago
60%
Antigua-et-Barbuda
54%
Barbade
51%
Dominique
51%
Saint-Vincent-et-les-Grenadines
51%
Grenade
46%
Sainte-Lucie
46%
Saint-Christophe- et-Niévès
38%
Aucun quiz correspondant
Distribution des résultats
% des personnes avec chaque résultat
Percentile par nombre de réponses
Votre historique - résultats
Vous n’avez pas pris ce quiz